Evropská města na mapě - Statistics

General Stats
  • This quiz has been taken 69 times
  • The average score is 29 of 36
Answers on the Map
Answers color-coded by a green-red scale on the quiz's map according to % correct below.
 
Answer Stats
Answer % Correct
Reykjavík
98%
Lisabon
94%
Dublin
91%
Londýn
91%
Madrid
87%
Praha
87%
Amsterdam
85%
Athény
85%
Moskva
85%
Paříž
85%
Barcelona
81%
Helsinky
81%
Kyjev
81%
Marseille
81%
Oslo
81%
Petrohrad
81%
Varšava
81%
Vídeň
81%
Berlín
79%
Manchester
79%
Mnichov
79%
Palermo
79%
Řím
79%
Sarajevo
79%
Budapešť
77%
Edinburgh
77%
Milán
77%
Ženeva
77%
Brusel
74%
Bukurešť
74%
Kodaň
74%
Stockholm
72%
Düsseldorf
66%
Neapol
66%
Bělehrad
64%
Sevilla
62%
No matching quizzes found
Score Distribution
Percent of People with Each Score
Percentile by Number Answered
Your Score History
You have not taken this quiz